000 01260nam a2200301 i 4500
003 DO-SdBNP
005 20250703110923.0
007 ta
008 250703t2024 dr a 6 000 0 spa d
020 _a9789945944709
020 _a9789945944716
040 _aDO-SdBNP
_bspa
_cBNPHU
_erda
041 _hspa
082 _axxxx
_bF962
_222
100 1 _aFulcar, Adrián
_eautor
_4aut.
_938002
245 1 3 _aMetaxis capitulo #1 :
_bel llanto del hipócrita /
_cAdrián Fulcar
246 1 _aMetaxis :
_bel llanto del hipócrita
250 _aTercera edición
264 _aSanto Domingo :
_bPapaya studios,
_c2024.
300 _a58 páginas
_c26 cm.
336 _atexto
_btxt
_2rdacontent
337 _asin mediación
_bn
_2rdamedia
338 _avolumen
_bnc
_2rdacarrier
520 _aLuego de la misteriosa desaparición de su madre, un joven dominicano ya impaciente, perdió la esperanza en que las autoridades de su país logren resolver esta horrible situación. El toma cartas en el asunto y decide buscar por su propia cuenta a su amada progenitora, sin importarle que consecuencias esto traiga a su vida. ¿Quién o qué estará detrás de la desaparición de su madre?
590 _aInventariado, 2025/ YL
910 _aYLockward
942 _2ddc
_cLBS1
999 _c59423
_d59423